Normal view
MARC view
- MATHEMATICS FOR PHYSICS
Entry Topical Term
001 - CONTROL NUMBER
- control field: 64478
003 - CONTROL NUMBER IDENTIFIER
- control field: NUST
005 - DATE AND TIME OF LATEST TRANSACTION
- control field: 20210628203301.0
008 - FIXED-LENGTH DATA ELEMENTS
- fixed length control field: 210628|| aca||aabn | a|a d
040 ## - CATALOGING SOURCE
- Original cataloging agency: NUST
- Transcribing agency: NUST
150 ## - HEADING--TOPICAL TERM
- Topical term or geographic name entry element: MATHEMATICS FOR PHYSICS
670 ## - SOURCE DATA FOUND
- Source citation: Work cat.: (NUST): Woolfson, Michael.M, Woolfson, Malcolm.S 64477, Mathematics for physics, 2007
